[Event "Titled Tuesday intern op 4th Febr"]
[Site "Chess.com INT"]
[Date "2020.02.04"]
[Round "6"]
[White "Todev, Simeon"]
[Black "Christensen, Thomas"]
[Result "0-1"]
[WhiteElo "2024"]
[BlackElo "2197"]
[PlyCount "124"]
[EventDate "2020.02.04"]
[EventType "swiss (blitz)"]
[EventRounds "10"]
[EventCountry "USA"]
[SourceTitle "EXT 2021"]
[Source "ChessBase"]
[SourceDate "2020.10.23"]
[SourceVersion "1"]
[SourceVersionDate "2020.10.23"]
[SourceQuality "1"]

1. e4 e5 2. Nf3 d5 3. exd5 e4 4. Qe2 Nf6 5. d3 Qxd5 6. dxe4 Qxe4 7. Qxe4+ Nxe4 8. Bd3 Nc5 9. Bc4 Be6 10. Bxe6 Nxe6 11. 0-0 Nc6 12. a3 0-0-0 13. Be3 Ncd4 14. Nxd4 Nxd4 15. Bxd4 Rxd4 16. Re1 Bc5 17. b4 Bb6 18. c3 Rd3 19. c4 Bd4 20. Ra2 Bf6 21. Rae2 Rhd8 22. h3 Rd1 23. Kh2 R8d3 24. Rxd1 Rxd1 25. Nd2 Ra1 26. Ne4 Rxa3 27. Nc5 c6 28. Re8+ Kc7 29. Rf8 b6 30. Rxf7+ Kd6 31. Ne4+ Ke5 32. Nxf6 gxf6 33. Rxh7 Ra4 34. b5 cxb5 35. cxb5 a6 36. bxa6 Rxa6 37. Re7+ Kf5 38. g4+ Kg6 39. f4 b5 40. Kg3 Rb6 41. f5+ Kh6 42. h4 b4 43. Re6 Rxe6 44. fxe6 Kg7 45. h5 b3 46. h6+ Kxh6 47. e7 b2 48. e8Q b1Q 49. Qh8+ Kg6 50. Qg8+ Kh6 51. Qf8+ Kg6 52. Qe8+ Kg7 53. Qe7+ Kg6 54. Qe8+ Kh6 55. Qf8+ Kg6 56. Qg8+ Kh6 57. Kf4 Qc1+ 58. Kf5 Qf1+ 59. Ke6 Qc4+ 60. Kxf6 Qxg8 61. Kf5 Qg5+ 62. Ke4 Qxg4+ 0-1

[Event "Titled Tuesday intern op 7th Januar"]
[Site "Chess.com INT"]
[Date "2020.01.07"]
[Round "3"]
[White "Christensen, Thomas"]
[Black "Seul, Georg"]
[Result "0-1"]
[WhiteElo "2197"]
[BlackElo "2401"]
[PlyCount "44"]
[EventDate "2020.01.07"]
[EventType "swiss (blitz)"]
[EventRounds "10"]
[EventCountry "USA"]
[SourceTitle "EXT 2021"]
[Source "ChessBase"]
[SourceDate "2020.10.23"]
[SourceVersion "1"]
[SourceVersionDate "2020.10.23"]
[SourceQuality "1"]

1. d4 f5 2. e4 fxe4 3. Nc3 Nf6 4. Bg5 d5 5. f3 Nc6 6. fxe4 dxe4 7. d5 Ne5 8. Qd4 Nf7 9. Bxf6 exf6 10. Nxe4 Be7 11. 0-0-0 0-0 12. Nf3 f5 13. Nc3 Bf6 14. Qc4 Nd6 15. Qb3 Bd7 16. Nd4 Bxd4 17. Rxd4 b5 18. Nxb5 Rb8 19. Rb4 a5 20. Nxd6 Rxb4 21. Qxb4 axb4 22. Nc4 Bb5 0-1

[Event "Titled Tuesday intern op 7th Januar"]
[Site "Chess.com INT"]
[Date "2020.01.07"]
[Round "4"]
[White "Niedbala, Bartlomiej"]
[Black "Christensen, Thomas"]
[Result "1/2-1/2"]
[WhiteElo "2302"]
[BlackElo "2197"]
[PlyCount "98"]
[EventDate "2020.01.07"]
[EventType "swiss (blitz)"]
[EventRounds "10"]
[EventCountry "USA"]
[SourceTitle "EXT 2021"]
[Source "ChessBase"]
[SourceDate "2020.10.23"]
[SourceVersion "1"]
[SourceVersionDate "2020.10.23"]
[SourceQuality "1"]

1. d4 Nc6 2. d5 Ne5 3. e4 Ng6 4. h4 e5 5. h5 N6e7 6. c4 f5 7. exf5 Nxf5 8. g4 Nd4 9. Nf3 Nxf3+ 10. Qxf3 Bb4+ 11. Bd2 Bxd2+ 12. Nxd2 Qf6 13. Qxf6 Nxf6 14. g5 Ng4 15. d6 0-0 16. c5 Nxf2 17. Bc4+ Kh8 18. 0-0 Nh3+ 19. Kh2 Rxf1 20. Rxf1 Nf4 21. Nf3 cxd6 22. cxd6 b5 23. Nxe5 bxc4 24. Rxf4 Ba6 25. Nxd7 Kg8 26. h6 gxh6 27. gxh6 Rd8 28. Nf6+ Kf7 29. d7 Kg6 30. a4 Bb7 31. Kg3 Bc6 32. Rxc4 Bxd7 33. Nxd7 Rxd7 34. Rc6+ Kg5 35. Kf2 Rb7 36. b3 a5 37. Rc5+ Kxh6 38. Rb5 Ra7 39. Ke3 Kg6 40. Kf4 Rf7+ 41. Kg4 Ra7 42. Rb6+ Kg7 43. Kh5 Re7 44. Rb5 Ra7 45. Kg5 Kg8 46. Rb8+ Kg7 47. Rb5 Kg8 48. Kf6 Ra6+ 49. Kg5 Ra7 1/2-1/2

[Event "Titled Tuesday intern op 7th Januar"]
[Site "Chess.com INT"]
[Date "2020.01.07"]
[Round "2"]
[White "Tica, Sven"]
[Black "Christensen, Thomas"]
[Result "1-0"]
[WhiteElo "2398"]
[BlackElo "2197"]
[PlyCount "85"]
[EventDate "2020.01.07"]
[EventType "swiss (blitz)"]
[EventRounds "10"]
[EventCountry "USA"]
[SourceTitle "EXT 2021"]
[Source "ChessBase"]
[SourceDate "2020.10.23"]
[SourceVersion "1"]
[SourceVersionDate "2020.10.23"]
[SourceQuality "1"]

1. d4 Nc6 2. c4 e5 3. d5 Nce7 4. Nc3 Ng6 5. e4 Bc5 6. Nf3 d6 7. h3 N8e7 8. a3 a6 9. b4 Ba7 10. Bd3 0-0 11. g4 Nf4 12. Bxf4 exf4 13. Ne2 Ng6 14. Qc1 Nh4 15. Nxh4 Qxh4 16. Qxf4 Bxg4 17. Qxg4 Qxf2+ 18. Kd2 Qe3+ 19. Kc2 f5 20. Qg3 Qh6 21. Rhf1 fxe4 22. Rxf8+ Rxf8 23. Bxe4 Re8 24. Qf3 Rf8 25. Qg3 Re8 26. Nc3 Bd4 27. Re1 Rf8 28. Re2 Rf1 29. Kb3 Be5 30. Qg4 Qc1 31. Qe6+ Kf8 32. Qc8+ Kf7 33. Qxc7+ Kf8 34. Qd8+ Kf7 35. Qd7+ Kf8 36. Qc8+ Kf7 37. Qxb7+ Kf6 38. Rc2 Qa1 39. Qd7 Rf4 40. Qe6+ Kg5 41. Rg2+ Kh4 42. Rg4+ Kxh3 43. Rxf4+ 1-0

[Event "Titled Tuesday intern op 5th Nov"]
[Site "Chess.com INT"]
[Date "2019.11.05"]
[Round "10"]
[White "Christensen, Thomas"]
[Black "Calicoca, Wilton Inacio"]
[Result "0-1"]
[WhiteElo "2197"]
[BlackElo "2122"]
[PlyCount "78"]
[EventDate "2019.11.05"]
[EventType "swiss (blitz)"]
[EventRounds "10"]
[EventCountry "USA"]
[SourceTitle "EXT 2021"]
[Source "ChessBase"]
[SourceDate "2020.10.23"]
[SourceVersion "1"]
[SourceVersionDate "2020.10.23"]
[SourceQuality "1"]

1. d4 Nf6 2. Nc3 d5 3. e4 dxe4 4. f3 exf3 5. Nxf3 Bf5 6. Ne5 e6 7. g4 Bg6 8. g5 Nd5 9. Qf3 Nd7 10. Nxg6 hxg6 11. Nxd5 exd5 12. Qxd5 Qe7+ 13. Be2 0-0-0 14. Qa5 Re8 15. Qd2 Rh4 16. Rf1 Rxd4 17. Rf2 Rxd2 18. Bxd2 Nc5 19. 0-0-0 Ne4 20. Bg4+ Kb8 21. Re2 f5 22. gxf6 gxf6 23. Rde1 f5 24. Bf3 Qh4 25. a3 Bh6 26. Bxh6 Qxh6+ 27. Kb1 Nd2+ 28. Ka2 Rxe2 29. Rxe2 a6 30. Bd5 c6 31. Bf7 Ne4 32. Bb3 g5 33. a4 a5 34. Ka3 Qd6+ 35. Ka2 Kc7 36. h3 Nc5 37. Bg8 Nxa4 38. Re6 Qd5+ 39. b3 Kb6 0-1

[Event "Titled Tuesday intern op 1st Oct"]
[Site "Chess.com INT"]
[Date "2019.10.01"]
[Round "2"]
[White "Christensen, Thomas"]
[Black "Papp, Petra"]
[Result "0-1"]
[WhiteElo "2197"]
[BlackElo "2341"]
[PlyCount "52"]
[EventDate "2019.10.01"]
[EventType "swiss (blitz)"]
[EventRounds "10"]
[EventCountry "USA"]
[SourceTitle "EXT 2021"]
[Source "ChessBase"]
[SourceDate "2020.10.23"]
[SourceVersion "1"]
[SourceVersionDate "2020.10.23"]
[SourceQuality "1"]

1. d4 Nf6 2. Nc3 d5 3. e4 dxe4 4. f3 exf3 5. Nxf3 g6 6. Bd3 Bg7 7. 0-0 0-0 8. Qe1 b6 9. Qh4 Bb7 10. Bh6 Bxf3 11. Rxf3 Bxh6 12. Qxh6 Qxd4+ 13. Kh1 Ng4 14. Qh4 Qd7 15. Raf1 Nc6 16. Rh3 h5 17. Rg3 Nce5 18. h3 Nf6 19. Ne4 Nxd3 20. Rxf6 Ne5 21. Qxh5 Qd4 22. Qh4 Kg7 23. Qf4 Nd3 24. cxd3 exf6 25. Qxc7 Qe5 26. Qc6 f5 0-1